Midwest U.S. Trivia A-Z - Statistics

General Stats
  • This quiz has been taken 75 times
  • The average score is 10 of 26
Answer Stats
Letter Clue Answer % Correct
A Home of the Michigan Wolverines Ann Arbor
88%
C Wisconsinite, or a fan of the Packers Cheesehead
70%
J This 4x NBA MVP grew up in Akron, Ohio LeBron James
68%
S This fictional superhero grew up in Smallville, Kansas Superman
60%
F Expect to see these over the late summer months at the state and county levels Fairs
52%
I Its suburbs include Carmel and Fishers Indianapolis
50%
P The Midwest is infamous for having many of these on roads Potholes
48%
R The NHL team with the most Stanley Cups from the US Red Wings
47%
L This TV show follows the Ingalls family Little House on the Prairie
45%
M Save big money at this home improvement retail chain Menards
43%
E This card game of taking tricks uses only about half the deck Euchre
42%
T City & strip of land fought over between Michigan and Ohio Toledo
42%
K Slapping this body part and saying "welp" initiates a Midwestern goodbye Knees
40%
X Namesake of a university in Cincinnati St. Francis {Xavier}
35%
G The pump for this originated in Fort Wayne, Indiana Gasoline
33%
N This created a new territory in the US in 1787 {Northwest} Ordinance
30%
Z Invasive freshwater mussel that has been destructive in the Great Lakes {Zebra} mussel
28%
D City found at the tri-point of Illinois, Iowa, and Wisconsin Dubuque
27%
Y City adjacent to A Ypsilanti
23%
B Term that refers to the Midwest's agricultural significance Breadbasket
20%
O Great Lakes Native American tribe Ojibwe
17%
Q Region on the border of Iowa and Illinois Quad Cities
17%
H This region more or less overlaps with the Midwest Heartland
15%
U This manufacturing company's growth and decline matched the Steel Belt's transition into the Rust Belt U.S. Steel
15%
V Either a river in South Dakota or a city in Ohio (if spelled with one L) Vermillion
8%
W Founded in 1903, this was the first national park in the Midwest Wind Cave
3%
No matching quizzes found
Score Distribution
Percent of People with Each Score
Percentile by Number Answered
Your Score History
You have not taken this quiz